MARC

LEADER 00000nam0a2200000 4500
001 375275
005 20250423144454.0
035 |a (RuTPU)RU\TPU\retro\32714 
035 |a RU\TPU\book\251069 
090 |a 375275 
100 |a 20221220d1955 k y0rusy50 ca 
101 0 |a rus 
102 |a RU 
105 |a y z 001zy 
200 1 |a Stromatoporoidea Советского Союза  |h Ч. 1  |f В. И. Яворский  |g Всесоюзный научно-исследовательский геологический институт (ВСЕГЕИ) 
210 |a Москва  |c Госгеолтехиздат  |d 1955 
215 |a 173 с. 
225 1 |a Новая серия 
225 1 |a Труды Всесоюзного научно-исследовательского геологического института (ВСЕГЕИ)  |v Т. 8 
317 |5 63413507: КР-179  |a Поступила в НТБ в 2004 г. в составе книжного собрания профессора ТПИ К. В. Радугина. 
320 |a Библиогр.: с. 167-169. 
500 1 0 |a Труды Всесоюзного научно-исследовательского геологического института  |9 88882 
606 1 |a Строматопороидеи ископаемые  |2 stltpush  |3 (RuTPU)RU\TPU\subj\57919  |9 75768 
610 1 |a Советский Союз 
610 1 |a строматопороидеи 
610 1 |a ископаемые 
610 1 |a ископаемые организмы 
610 1 |a фауна 
610 1 |a группы 
610 1 |a СССР 
610 1 |a беспозвоночные 
610 1 |a морские организмы 
610 1 |a кембрий 
610 1 |a библиотека К. В. Радугина 
610 1 |a владельческие знаки 
675 |a 563.7  |v 3 
700 1 |a Яворский  |b В. И.  |c палеонтолог  |c профессор  |c сотрудник Геолкома  |f 1874-1974  |g Василий Иванович  |3 (RuTPU)RU\TPU\pers\22184  |9 9397 
712 0 2 |a Всесоюзный научно-исследовательский геологический институт (ВСЕГЕИ)  |c (Ленинград)  |c (1939-1991)  |3 (RuTPU)RU\TPU\col\11367 
801 1 |a RU  |b 63413507  |c 20130119 
801 2 |a RU  |b 63413507  |c 20221220  |g RCR 
850 |a 63413507 
942 |c CR